00593 a2200169 4500020002300000035001300023037004600036082001200082100001700094245011100111250001100222260004500233270006900278300003300347500002100380700002200401 a0195661737c395.00 aB-119956 bRP-ZLS-2347 / UBH-05-06:13 / RP-05-06:ENG14a344.0461 aDivan, Shyam1 aEnvironmental law and policy in Indiabcases, materials and statutsescby Shyam Divan and Armin Rosencranz a2nd ed aNew DelhibOxford University Pressc2005 aYMCA Library Building, Jai Singh Road,bNew DelhicDelhie110001 axxxviii, 837 pc24 cm (pbk) aincludes index aRosencranz, Armin